Teatro de cámara
Tallennettuna:
| Päätekijä: | |
|---|---|
| Aineistotyyppi: | Kirja |
| Kieli: | Undetermined |
| Julkaistu: |
La Habana, Cuba
Artey Literatura
1986
|
| Aiheet: | |
| Tagit: |
Lisää tagi
Ei tageja, Lisää ensimmäinen tagi!
|
MARC
| LEADER | 00000nam a2200000Ia 4500 | ||
|---|---|---|---|
| 008 | 170316s9999 xx 000 0 und d | ||
| 040 | |a cru BVZT | ||
| 090 | |a 862 G-13t | ||
| 100 | |a García Lorca, Federico | ||
| 245 | |a Teatro de cámara | ||
| 260 | |a La Habana, Cuba | ||
| 260 | |b Artey Literatura | ||
| 260 | |c 1986 | ||
| 300 | |a 309 páginas | ||
| 650 | |a LITERATURA ESPAÑOLA | ||
| 999 | |c 9887 |d 9887 | ||
| 942 | |c 15 D |h 862 G-13t |2 z | ||
